| 000 | 00891nam a2200265Ia 4500 | ||
|---|---|---|---|
| 005 | 20260121170026.0 | ||
| 008 | 008 260114s9999 xx 000 0 eng d | ||
| 020 | _a9783319675640 | ||
| 037 | _aEBOOK | ||
| 040 | _aCRL | ||
| 040 | _beng | ||
| 040 | _cCRL | ||
| 041 | _2eng | ||
| 041 | _aeng | ||
| 084 | _qCRL | ||
| 100 |
_aM. Jorge Cardoso, Tal Arbel, Fei Gao, Bernhard Kainz, Theo van Walsum, Kuangyu Shi, Kanwal K. Bhatia, Roman Peter, Tom Vercauteren, Mauricio Reyes, Adrian Dalca, Roland Wiest, Wiro Niessen, Bart J. Emmer _91058886 |
||
| 245 | 0 | _aMolecular Imaging, Reconstruction and Analysis of Moving Body Organs, and Stroke Imaging and Treatment | |
| 260 | _bSpringer | ||
| 260 | _bSpringer | ||
| 260 | _c2017 | ||
| 856 | _uhttps://link.springer.com/openurl?genre=book&isbn=978-3-319-67564-0 | ||
| 942 | _cEBOOK | ||
| 999 |
_c1624615 _d1624615 |
||